Skład Chrobrego Głogów 2025/26 - Statystyki

Ogólne statystyki
  • Ten quiz został rozwiązany 13 razy
  • Średni wynik to 13 z 26
Statystyki odpowiedzi
kraj pozycja zawodnik % Poprawnych
Polska Bramkarz Paweł Lenarcik
89%
Polska Bramkarz Dawid Arndt
78%
Polska Obrońca Jakub Kuzdra
78%
Polska Bramkarz Krzysztof Wróblewski
78%
Słowacja Pomocnik Jakub Grić
67%
Polska Pomocnik Kamil Grzelak
67%
Polska Pomocnik Mateusz Ozimek
67%
Ukraina Obrońca Myrosław Mazur
67%
Polska Obrońca Paweł Tupaj
67%
Polska Pomocnik Robert Mandrysz
67%
Polska Napastnik Sebastian Strózik
67%
Polska Obrońca Albert Zarówny
56%
Polska Obrońca Kacper Tabiś
56%
Polska Pomocnik Kelechukwu Ibe-Torti
56%
Polska Pomocnik Szymon Bartlewicz
56%
Polska Obrońca Przemysław Szarek
44%
Polska Pomocnik Szymon Lewkot
44%
Polska Napastnik Krystian Tworzydło
33%
Polska Obrońca Mateusz Bartolewski
33%
Polska Pomocnik Sebastian Bonecki
33%
Polska Bramkarz Marcel Gawłowski
22%
Polska Obrońca Michał Kozajda
22%
Polska Obrońca Natan Malczuk
22%
Polska Pomocnik Fabian Wojtal
11%
Polska Obrońca Eryk Marcinkowski
0%
Polska Obrońca Krzysztof Janiszewski
0%
Nie znaleziono quizów pasujących do podanych kryteriów
Rozkład punktacji
Procent ludzi z każdym wynikiem
Percentyl według liczby udzielonych odpowiedzi
Twoja historia wyników
Nie rozwiązałeś tego quizu